000 01081nam a2200181Ia 4500
008 151202s9999||||xx |||||||||||||| ||und||
082 _bPNVM-70128
100 _aमुटाटकर रामचंद्र.
245 _aमहाराष्ट्र चरित्र ग्रंथमाला संच ( मानववंशशास्त्रज्ञ इरावती कर्वे ).
260 _b"श्री गंधर्व - वेद प्रकाशन, पुणे."
260 _c70128
300 _a143
600 _aमुटाटकर रामचंद्र.
630 _aमहाराष्ट्र चरित्र ग्रंथमाला संच ( मानववंशशास्त्रज्ञ इरावती कर्वे ).
700 _aमुटाटकर रामचंद्र.
730 _aमहाराष्ट्र चरित्र ग्रंथमाला संच ( मानववंशशास्त्रज्ञ इरावती कर्वे ).
942 _cBOOK
999 _c1336638
_d1336635